College towns - Statistics

General Stats
  • This quiz has been taken 443 times
  • The average score is 10 of 15
Answer Stats
Hint Answer % Correct
University of Texas Austin
91%
University of Michigan Ann Arbor
88%
University of Wisconsin Madison
86%
Columbia University New York
86%
Baylor University Waco
79%
Yale University New Haven
74%
University of Tennessee Knoxville
72%
University of Oregon Eugene
71%
Brown University Providence
68%
Michigan State University East Lansing
65%
Stanford University Palo Alto
64%
Creighton University Omaha
45%
Dartmouth College Hanover
38%
Appalachian State University Boone
29%
Tufts University Medford
18%
No matching quizzes found
Score Distribution
Percent of People with Each Score
Percentile by Number Answered
Your Score History
You have not taken this quiz